[Event "Arco op 27th"]
[Site "Arco"]
[Date "2005.10.26"]
[Round "5"]
[White "Geske, Julian"]
[Black "Pavoncelli, Paolo"]
[Result "1-0"]
[WhiteElo "2077"]
[BlackElo "1818"]
[PlyCount "63"]
[EventDate "2005.10.22"]
[EventType "swiss"]
[EventRounds "9"]
[EventCountry "ITA"]
[SourceTitle "EXT 2006"]
[Source "ChessBase"]
[SourceDate "2005.11.24"]
[SourceVersion "1"]
[SourceVersionDate "2005.11.24"]
[SourceQuality "1"]

1. e4 e6 2. d4 b6 3. Bd3 Bb7 4. Nf3 c5 5. c3 cxd4 6. cxd4 Nc6 7. a3 Nf6 8. Nc3 h6 9. 0-0 a6 10. d5 Ne7 11. Bc4 Qc7 12. Bb3 Ng6 13. Be3 Ng4 14. Rc1 Nxe3 15. fxe3 Bc5 16. Nd4 e5 17. Nf5 0-0 18. d6 Qd8 19. Bd5 Bxd5 20. Nxd5 a5 21. b4 axb4 22. axb4 Bxb4 23. Nxb4 Qg5 24. Rf3 Ra3 25. Rg3 Qf6 26. Nd5 Qd8 27. Qh5 Qa8 28. Nxh6+ gxh6 29. Rxg6+ fxg6 30. Qxg6+ Kh8 31. Qxh6+ Kg8 32. Ne7+ 1-0

[Event "Val Thorens op"]
[Site "Val Thorens"]
[Date "2002.07.22"]
[Round "4"]
[White "Pierret, Jonathan"]
[Black "Pavoncelli, Paolo"]
[Result "1-0"]
[WhiteElo "1930"]
[BlackElo "1800"]
[PlyCount "80"]
[EventDate "2002.07.15"]
[EventType "swiss"]
[EventRounds "9"]
[EventCountry "FRA"]
[SourceTitle "EXT 2003"]
[Source "ChessBase"]
[SourceDate "2002.11.25"]
[SourceVersion "1"]
[SourceVersionDate "2002.11.25"]
[SourceQuality "1"]

1. c4 c5 2. Nc3 Nc6 3. g3 Nf6 4. Bg2 b6 5. e3 Bb7 6. b3 e6 7. a3 Rc8 8. Bb2 Bd6 9. Nge2 Bb8 10. 0-0 a6 11. d4 cxd4 12. Nxd4 Qc7 13. Nce2 Ne5 14. Bxb7 Qxb7 15. f4 Neg4 16. Nc2 h5 17. h3 Nh6 18. Bxf6 gxf6 19. Nc3 Rg8 20. Qf3 Qc7 21. Ne4 Ke7 22. Nb4 Qa7 23. Nd3 h4 24. g4 f5 25. Nef2 fxg4 26. hxg4 Rg7 27. Kh1 Rcg8 28. Rg1 b5 29. c5 h3 30. e4 Qb7 31. Rad1 h2 32. Kxh2 Rh7 33. Kg2 Nxg4 34. Nxg4 Rxg4+ 35. Qxg4 Qxe4+ 36. Kf2 Qd4+ 37. Kf1 Rh2 38. Qg5+ Qf6 39. Qxf6+ Kxf6 40. Nf2 Bxf4 1-0